| 000 | 01001nam a22003137a 4500 | ||
|---|---|---|---|
| 003 | CHAP | ||
| 005 | 20220329140552.0 | ||
| 008 | 971013s1970 r 00010 d | ||
| 010 | _a54102 | ||
| 011 | _a55074 | ||
| 035 | _a59226 | ||
| 040 | _cCHAP | ||
| 082 |
_a331.1 _bP7 |
||
| 100 | 0 | 0 |
_aPrasow, Paul. _991303 |
| 245 |
_aArbitration and collective bargaining _b: conflict resolution in labor relations |
||
| 260 |
_aNew York : _bMcGraw-Hill, _c1970 |
||
| 300 | _a426 p. | ||
| 490 | _aMcGraw-Hill series in management | ||
| 590 |
_aBATCH-UPD _b10 _c20130110 _lUCH01 _h0353 |
||
| 590 |
_aBATCH-UPD _b10 _c20130110 _lUCH01 _h2142 |
||
| 590 |
_aCONVERSION _b10 _c20130109 _lUCH01 _h1329 |
||
| 650 | 1 | 4 |
_aRelaciones industriales _xE.U.A. _995819 |
| 650 | 1 | 4 |
_aTrabajo y trabajadores _xE.U.A. _9114521 |
| 700 | 0 |
_aPeters, Edward. _987590 |
|
| 830 | 0 |
_aMcGraw-Hill series in management _973563 |
|
| 901 | _aBK | ||
| 942 | _cLIBRO | ||
| 949 |
_a331.1 P7 _bBC _cLIBRO _d33724000326104 _eLIBRO _h41761 _i59226 _si |
||
| 999 |
_c54102 _d54102 |
||